Sociedades de crédito territorial en España : (Record no. 183875)

MARC details
000 -LEADER
campo de control de longitud fija 01071nam a2200229 i 4500
001 - NÚMERO DE CONTROL
campo de control 183875
003 - IDENTIFICADOR DE NÚMERO DE CONTROL
campo de control ES-MaACL
005 - FECHA Y HORA DE LA ÚLTIMA TRANSACCIÓN
campo de control 20230906222006.0
008 - DATOS DE LONGITUD FIJA--INFORMACIÓN GENERAL
campo de control de longitud fija 141103s1864 sp |||| | spa d
080 ## - NÚMERO DE LA CLASIFICACIÓN DECIMAL UNIVERSAL
Número de la Clasificación Decimal Universal 336.77(460):332
080 ## - NÚMERO DE LA CLASIFICACIÓN DECIMAL UNIVERSAL
Número de la Clasificación Decimal Universal 336.773 (460)
110 2# - ENTRADA PRINCIPAL--NOMBRE DE ENTIDAD CORPORATIVA
Nombre de entidad corporativa o nombre de jurisdicción como elemento de entrada Institut Agrícola Català de Sant Isidre.
9 (RLIN) 176166
245 10 - MENCIÓN DEL TÍTULO
Título Sociedades de crédito territorial en España :
Resto del título proyecto de una asociación de propietarios y deudores, presentado por el Instituto Agrícola Catalán de San Isidro al Excmo. Sr. Ministro de Hacienda en 20 de mayo de 1864, en solicitud de la necesaria autorización para constituirla.
260 ## - PUBLICACIÓN, DISTRIBUCIÓN, ETC.
Lugar de publicación, distribución, etc. Madrid :
Nombre del editor, distribuidor, etc. [s.n.],
Fecha de publicación, distribución, etc. 1864 (
Fabricante Imp. de Tejado, a cargo de L. Ludeña)
300 ## - DESCRIPCIÓN FÍSICA
Extensión XXXI, 175 p. ;
Dimensiones 24 cm.
530 ## - NOTA DISPONIBLE DE FORMULARIO FÍSICO ADICIONAL
Nota de formato físico adicional disponible Disponible en formato digital.
650 #4 - PUNTO DE ACCESO ADICIONAL DE MATERIA--TÉRMINO DE MATERIA
Término de materia o nombre geográfico como elemento de entrada Préstamos hipotecarios-
Subdivisión geográfica España.
9 (RLIN) 145949
650 #4 - PUNTO DE ACCESO ADICIONAL DE MATERIA--TÉRMINO DE MATERIA
Término de materia o nombre geográfico como elemento de entrada Cooperativas de crédito-
Subdivisión geográfica España.
9 (RLIN) 155470
852 4# - LOCALIZACIÓN
Ubicación ES-MaACL
Número de control de estantería T-84-F-6
852 4# - LOCALIZACIÓN
Ubicación ES-MaACL
Número de control de estantería T-76-F-1
856 4# - LOCALIZACIÓN Y ACCESO ELECTRÓNICOS
Identificador Uniforme de Recursos <a href="http://bdh-rd.bne.es/viewer.vm?id=0000115601&page=1 ">http://bdh-rd.bne.es/viewer.vm?id=0000115601&page=1 </a>
Nota pública Biblioteca Digital Hispánica
Holdings
Estatus retirado Estado de pérdida Estado de daño No para préstamo Colección Biblioteca de origen Biblioteca actual Ubicación en estantería Fecha de adquisición Fuente de adquisición Total de préstamos Signatura topográfica completa Código de barras Visto por última vez Precio de reemplazo Tipo de ítem Koha
        Colección de folletos Biblioteca del Ateneo de Madrid Biblioteca del Ateneo de Madrid Depósito folletos 21/05/2005     T-76-F-1 1201991 23/02/2023 23/02/2023 Folleto
        Colección de folletos Biblioteca del Ateneo de Madrid Biblioteca del Ateneo de Madrid Depósito folletos 03/11/2014     T-84-F-6 1193342 23/02/2023 23/02/2023 Folleto